Norte pencoso /

Guardado en:
Autor Principal: Ábalos, Jorge Washington, 1915-1979.
Formato: Libro
Idioma:Spanish
Publicado: Buenos Aires : Losada, 1964.
Etiquetas: Agregar Etiqueta
Sin Etiquetas, Sea el primero en etiquetar este registro!
LEADER 00406nam a22001335a 4500
001 EUN.um050954
008 041125s1964####ag############000#0#spa#d
005 20200402173621.0
245 1 0 |a Norte pencoso /  |c Jorge W. Abalos. 
260 |a Buenos Aires :  |b Losada,  |c 1964. 
300 |a 122 p. 
100 1 |a Ábalos, Jorge Washington,  |d 1915-1979. 
082 0 4 |a A863.4 
859 |a Ar-BaUNS  |b BIB. CENTRAL - Sector C  |h A863.4  |i Ab16  |p D2202/965